| 000 | 01981cad a22002655a 4500 | ||
|---|---|---|---|
| 001 | L156306 | ||
| 008 | 120511s2012 xxk f 000 0 eng d | ||
| 035 | _a(Sirsi) u156306 | ||
| 041 | 0 | _aeng | |
| 110 | 2 |
_aConstruction Products Association _94104 |
|
| 245 | 0 | 0 |
_aGuidance note on the construction products regulation _h[electronic resource] |
| 260 |
_aLondon _bConstruction Products Association _c2012 |
||
| 490 | 0 |
_aVersion 1 _vApril 2012 |
|
| 520 | _aThe construction industry is facing the most significant change for a decade in the way in which construction products are sold in Europe. From 1 July 2013, under the Construction Products Regulation 20111 (CPR), it will become mandatory for manufacturers to apply CE marking to any of their products which are covered by a harmonised European standard (hEN) or European Technical Assessment (ETA). This is a major change as affixing of CE marking under the provisions of the existing Construction Products Directive (CPD) is currently voluntary in the UK. For those already CE marking under the CPD the transition should be straightforward. This publication is intended as a guide to the implications of CE marking under the CPR for manufacturers, importers, distributors, specifiers, certification and test bodies, and regulatory/enforcement authorities. The Regulation is directly applicable in UK law and neither this guide nor its authors purport to offer any definitive legal interpretations. | ||
| 590 | _aKA NTK | ||
| 651 | 4 | _aUnited Kingdom | |
| 651 | 4 | _aEurope | |
| 690 |
_aConstruction management _96230 |
||
| 690 | _aBuilding materials and defects | ||
| 710 | 1 |
_aBritish Board of Agrément _91555 |
|
| 710 | 1 |
_aBritish Standards Institution _9130 |
|
| 710 | 1 | _aFBE Management Limited | |
| 856 | 4 | 0 |
_uhttps://www.constructionproducts.org.uk/publications/industry-affairs/display/view/construction-products-regulation _zView the guidance note free of charge at www.constructionproducts.org.uk |
| 942 | _n0 | ||
| 999 |
_c114172 _d114172 |
||